000 00751nam a2200241Ia 4500
005 20260430150608.0
008 008 250103s9999 xx 000 0 eng d
037 _aTheses
040 _aCRL
040 _beng
040 _ceng
041 _2eng
041 _aeng
084 _qCRL
100 _aDangi Kapil Au.; Singh Indrakant K. Gu.; Verma Anita Kamra Gu.
_91237956
245 0 _aRole of Nitrosative Stress in Targeting Autophagy Elucidating Signaling Pathways Induced by Combinatorial Therapy of Gambogic Acid-Carboplatin in Breast Cancer
260 _c2024
300 _a183p.
650 _aZoology
700 _aUniversity of Delhi. Faculty of Science. Deptt. of Zoology
_91237953
942 _cTH
999 _c1850167
_d1850167